<The> 7 habits of highly effective people
Salvato in:
| Autore principale: | |
|---|---|
| Natura: | Libro |
| Lingua: | inglese |
| Pubblicazione: |
London
Pocket Books
2004
|
| Soggetti: | |
| Tags: |
Nessun Tag, puoi essere il primo ad aggiungerne!!
|
MARC
| LEADER | 00000nam$a2200000$$$4500 | ||
|---|---|---|---|
| 001 | 0193077 | ||
| 005 | 20240312120117.4 | ||
| 020 | |a 978-1-4165-0249-4 | ||
| 041 | 0 | |a eng | |
| 044 | |a GB | ||
| 245 | 1 | 0 | |a <The> 7 habits of highly effective people |c Stephen R. Covey |
| 264 | 1 | |a London |b Pocket Books |c 2004 | |
| 300 | |a 372 s. | ||
| 610 | 2 | 0 | |a úspech pracovný |
| 610 | 2 | 0 | |a efektívnosť práce |
| 610 | 2 | 0 | |a sebapoznanie |
| 100 | 1 | |a Covey, Stephen R. | |